De mi trigal dorado (Record no. 132829)
[ view plain ]
| 000 -LEADER | |
|---|---|
| campo de control de longitud fija | 00447nam a2200157 4500 |
| 001 - NÚMERO DE CONTROL | |
| campo de control | 132829 |
| 003 - IDENTIFICADOR DE NÚMERO DE CONTROL | |
| campo de control | ES-MaACL |
| 005 - FECHA Y HORA DE LA ÚLTIMA TRANSACCIÓN | |
| campo de control | 20230906194247.0 |
| 007 - CAMPO FIJO DE DESCRIPCIÓN FÍSICA--INFORMACIÓN GENERAL | |
| campo de control de longitud fija | t| |
| 008 - DATOS DE LONGITUD FIJA--INFORMACIÓN GENERAL | |
| campo de control de longitud fija | 070214n19501959es r ||||1| spa d |
| 100 1# - ENTRADA PRINCIPAL--NOMBRE DE PERSONA | |
| Nombre de persona | Rosales, José Damián. |
| 9 (RLIN) | 99642 |
| 245 10 - MENCIÓN DEL TÍTULO | |
| Título | De mi trigal dorado |
| Resto del título | : (versos) / |
| Mención de responsabilidad, etc. | José Damián Rosales. |
| 260 ## - PUBLICACIÓN, DISTRIBUCIÓN, ETC. | |
| Lugar de publicación, distribución, etc. | San Salvador : |
| Nombre del editor, distribuidor, etc. | [s. n.], |
| Fecha de publicación, distribución, etc. | [195_?] |
| 300 ## - DESCRIPCIÓN FÍSICA | |
| Extensión | 141 p. ; |
| Dimensiones | 18 cm. |
| 852 ## - LOCALIZACIÓN | |
| Ubicación | ES-MaACL |
| Número de control de estantería | C-13935 |
| Sublocalización o colección | R.41949 |
| Estatus retirado | Estado de pérdida | Estado de daño | No para préstamo | Biblioteca de origen | Biblioteca actual | Ubicación en estantería | Fecha de adquisición | Fuente de adquisición | Total de préstamos | Signatura topográfica completa | Código de barras | Visto por última vez | Precio de reemplazo | Tipo de ítem Koha |
|---|---|---|---|---|---|---|---|---|---|---|---|---|---|---|
| Biblioteca del Ateneo de Madrid | Biblioteca del Ateneo de Madrid | Sala Palomar | 17/01/2008 | C-13935 | 1138284 | 23/02/2023 | 23/02/2023 | Libro impreso |
